000 00227nam a2200085Ia 4500
008 170620s9999 xx 000 0 und d
100 _aNarasaiah- M. Lakshmi
245 0 _aNGOs and Education
260 _bNew Delhi- Discovery Publishing House
260 _c2007
999 _c24197
_d24197